46回衆院選で当選した民主党議員 - Statistics

General Stats
  • This quiz has been taken 95 times
  • The average score is 8 of 18
Answers on the Grid
Answers color-coded by a green-red scale on the quiz's grid according to % correct below.
長妻昭
馬渕澄夫
西村智奈美
川端達夫
城島光力
柚木道義
鉢呂吉雄
泉健太
藤村修
仙谷由人
細野豪志
笠浩史
菅直人
樽床伸二
松原仁
赤松広隆
田中眞紀子
川内博史
古川元久
安住淳
逢坂誠二
原口一博
平野博文
階猛
手塚仁雄
小川淳也
高木義明
横路孝弘
玉木雄一郎
三井辨雄
海江田万里
山花郁夫
 
Answer Stats
Answer % Correct
玉木雄一郎
74%
長妻昭
70%
菅直人
63%
細野豪志
61%
泉健太
57%
安住淳
54%
海江田万里
52%
古川元久
50%
階猛
50%
松原仁
46%
原口一博
43%
小川淳也
43%
笠浩史
35%
馬渕澄夫
24%
高木義明
17%
横路孝弘
15%
柚木道義
13%
赤松広隆
13%
No matching quizzes found
Score Distribution
Percent of People with Each Score
Percentile by Number Answered
Your Score History
You have not taken this quiz